El Rescate de un valioso periódico costarricense: La Revolución (1930) /
El propósito de este artículo es facilitar a los investigadores nacionales y extranjeros la consulta de los diez números de la Revolución, un períodico publicado entre marzo y mayo de 1930, el cual fue el antecesor del semanario comunista, Trabajo. La Revolución será de particular interés para los e...
Uloženo v:
| Hlavní autor: | |
|---|---|
| Další autoři: | , , , , , |
| Médium: | Text |
| Témata: | |
| Tagy: |
Přidat tag
Žádné tagy, Buďte první, kdo vytvoří štítek k tomuto záznamu!
|
MARC
| LEADER | 00000 a a2200000 04500 | ||
|---|---|---|---|
| 001 | 14453 | ||
| 003 | |||
| 040 | |||
| 100 | |a Molina Jiménez, Iván | ||
| 245 | |a El Rescate de un valioso periódico costarricense: |b La Revolución (1930) / |c Iván Molina Jiménez ; María Luz Chaves González ; Ana María Botey Sobrado ; Helen María González Rojas ; Luis Alberto Jiménez Alpizar ; Carlos Eduardo Monge Trejos ; Ana Violeta Murillo Roldán | ||
| 520 | |a El propósito de este artículo es facilitar a los investigadores nacionales y extranjeros la consulta de los diez números de la Revolución, un períodico publicado entre marzo y mayo de 1930, el cual fue el antecesor del semanario comunista, Trabajo. La Revolución será de particular interés para los estudiosos de la llamada "cuestión social", así como para los interesados en los orígenes intelectuales de la cultura comunista que se configuró en Costa Rica en las décadas de 1930 y 1940 | ||
| 650 | |a PRENSA | ||
| 650 | |a PUBLICACIONES PERIODICAS | ||
| 650 | |a MARXISMO | ||
| 650 | |a HISTORIA SOCIAL | ||
| 700 | |a Chaves González, María Luz | ||
| 700 | |a Botey Sobrado, Ana María | ||
| 700 | |a González Rojas, Helen María | ||
| 700 | |a Jiménez Alpizar, Luis Alberto | ||
| 700 | |a Monge Trejos, Carlos Eduardo | ||
| 700 | |a Murillo Roldán, Ana Violeta | ||
| 773 | |g número 100 (II); páginas 207-250 | ||
| 999 | |c 31887 |d 31887 | ||
| 773 | 0 | |0 18728 |9 3037 |a Universidad de Costa Rica |d San José, Costa Rica Editorial UCR 1956- |o 17128 |t Revista de Ciencias Sociales/ |x 04825276 | |
